000 01173nam a2200325Ia 4500
001 Z_7023
003 CHAP
005 20241002135026.0
008 220113s2017 xx 000 0 und d
010 _a170295
040 _cCHAP
090 _aTesis J83 2598
100 _aJuárez Zebadúa, Ubaldo Fermín
_9128899
245 _aPotencial forrajero de juanito (Lavatera assurgentiflora kellogg) /
_cUbaldo Fermín Juárez Zebadúa
260 _aMéxico :
_bEl autor,
_c2017
300 _aCD
502 _aTesis (Maestro en Ciencias en Innovación Ganadera) -- UACh, 2017 \ Dirección: Pedro Arturo Martínez Hernández; asesoría: Enrique Cortés Díaz y Luis Alberto Miranda Romero
650 _aArbusto forrajero
_9146586
650 _aCalidad forrajera
_9146587
650 _aEdad del rebrote
_9146588
700 _a Cortés Díaz, Enrique, asesor
_9141473
700 1 _a Miranda Romero, Luis Alberto
_9142242
700 _aMartínez Hernández, Pedro Arturo, director
_9137895
856 4 2 _uhttp://10.13.5.2/tesis/sist113567.pdf
_yDescargar PDF
901 _aTESIS J83 2598
902 _aM
910 _a2017
942 _c2
_2ddc
942 _c2
_2ddc
999 _c170295
_d170295